| 000 | 00400nam a2200133Ia 4500 | ||
|---|---|---|---|
| 005 | 20260328101455.0 | ||
| 008 | 260328s9999||||xx |||||||||||||| ||und|| | ||
| 100 | _aMorcillo, Pedro Pablo | ||
| 245 | 0 |
_aUsos del suelo en el área sel Canal de Panamá : _b Reflexiones de un Planificador Urbano / _cPedro Pablo Morcillo |
|
| 260 | _bPortobelo | ||
| 300 | _a30 p. | ||
| 650 | _aLATINOAMERICA | ||
| 942 | _cBK | ||
| 999 |
_c8799 _d8799 |
||